000 01063nam a2200229 i 4500
001 153260
003 ES-MaACL
005 20250829063127.0
008 980727s1785 fr |||| |dfre d
100 1 _aCook, James,
_d1728-1779
_9126569
245 1 0 _aTroisième voyage de Cook ou voyage a l’Océan Pacifique
_b: ordonné par le roi d´Anglaterre pour faire des découvertes dans l´hémisphere nord... /
_cexécuté sous la direction des capitaines Cook, Clerke et Gore... ; traduit de l´anglois par M.D.*** ; Tome Troisieme.
260 _aA Paris :
_bHôtel de Thou, rue des Poitevins,
_c1785.
300 _a1 v. ([4], 592 p.) ;
_c21 cm.
530 _aDisponible en formato digital.
597 _aSign.: []2, A-Z8, 2A-2O8.
597 _aAntep.
597 _aTexto con apostillas marg.
650 4 _aViajes alrededor del mundo-
_yS.XVIII.
_9159809
852 _aES-MaACL
_jR-2106
_z- Enc. pasta española con filetes dorados
_x- Olim: G-272
856 _uhttps://archive.org/details/cihm_17692
_zInternet Archive
999 _c153260
_d153260